Nueva Enciclopedia Visual (Registro nro. 9389)

Detalles MARC
000 -Cabecera
Campo de control de longitud fija 00810aam a2200361 4500
005 - Fecha y hora de la última transacción
Campo de control 20250219155543.0
008 - Elementos de longitud fija--Información general
Campo de control de longitud fija 150408b1995 xxu||||| |||| 00| 0 spa d
020 ## - International Standard Book Number
Número Internacional Estándar del Libro (ISBN) 9507828270
041 ## - Idioma
Código de idioma Español
082 ## - Clasificación Decimal Dewey
Número de clasificación R 603 N964n
245 ## - Título propiamente dicho
Título Nueva Enciclopedia Visual
260 ## - Pie de imprenta
Lugar de publicación, distribución, etc. Argentina
260 ## - Pie de imprenta
Nombre del editor, distribuidor, etc. Arte Gráfico
300 ## - Descripción física
Extensión 64 páginas
650 ## - Materia general
Temática (materia general) ENCICLOPEDIA
650 ## - Materia general
Temática (materia general) CIENCIA
650 ## - Materia general
Temática (materia general) TECNOLOGÍA
650 ## - Materia general
Temática (materia general) HISTORIA
650 ## - Materia general
Temática (materia general) METALES
650 ## - Materia general
Temática (materia general) TENSIÓN
650 ## - Materia general
Temática (materia general) COMPRESIÓN
650 ## - Materia general
Temática (materia general) CONSTRUCCIÓN
650 ## - Materia general
Temática (materia general) MADERA
650 ## - Materia general
Temática (materia general) PLÁSTICOS
650 ## - Materia general
Temática (materia general) MOTORES
650 ## - Materia general
Temática (materia general) INGENIERÍA
650 ## - Materia general
Temática (materia general) AUTOMÓVILES
650 ## - Materia general
Temática (materia general) COLOR
650 ## - Materia general
Temática (materia general) ELECTRÓNICA
650 ## - Materia general
Temática (materia general) COMPUTACIÓN
650 ## - Materia general
Temática (materia general) MEDICINA
942 ## - Punto de acceso adicional KOHA
Tipo de ítem KOHA Referencia
Fuente del sistema de clasificación o colocación Dewey Decimal Classification
Existencias
Signatura completa Código de barras Tipo de ítem
R 603 N964n 22192 Referencia